Coupe du Monde de football - Les Finales - Statistiques

Statistiques générales
  • Ce quiz a été pris 150 fois
  • Le résultat moyen est 12 sur 13
Statistiques - réponses
Nation % Correct
langfr-1920px-Flag_of_Brazil.svg.png Brésil
100%
langfr-1920px-Flag_of_Argentina.svg.png Argentine
100%
langfr-1920px-Flag_of_Germany.svg.png Allemagne
100%
langfr-1920px-Flag_of_France.svg.png France
100%
langfr-1920px-Flag_of_Italy.svg.png Italie
99%
langfr-1920px-Flag_of_Spain.svg.png Espagne
99%
langfr-3840px-Flag_of_Croatia.svg.png Croatie
98%
langfr-1920px-Flag_of_the_Netherlands.svg.png Pays-Bas
98%
langfr-1920px-Flag_of_England.svg.png Angleterre
98%
langfr-1920px-Flag_of_Uruguay.svg.png Uruguay
98%
langfr-1920px-Flag_of_Sweden.svg.png Suède
76%
langfr-3840px-Flag_of_Hungary.svg.png?utm_source=fr.wikipedia.org&utm_campaign=parser&utm_content=thumbnail Hongrie
65%
langfr-1920px-Flag_of_the_Czech_Republic.svg.png Tchécoslovaquie
59%
Aucun quiz correspondant
Distribution des résultats
% des personnes avec chaque résultat
Percentile par nombre de réponses
Votre historique - résultats
Vous n’avez pas pris ce quiz